Normal view
MARC view
Entry Nombre personal
001 - NÚMERO DE CONTROL
- campo de control: 185051
003 - IDENTIFICADOR DEL NÚMERO DE CONTROL
- campo de control: OSt
005 - FECHA Y HORA DE LA ÚLTIMA TRANSACCIÓN
- campo de control: 20220602025504.0
008 - DATOS DE LONGITUD FIJA
- campo de control de longitud fija: 220602|| aca||aabn | a|a d
040 ## - FUENTE DE LA CATALOGACIÓN
- Centro catalogador/agencia de origen: OSt
- Centro/agencia transcriptor: OSt
100 ## - ENCABEZAMIENTO-NOMBRE DE PERSONA
- Nombre de persona: Gurr, Geoff M., ed. \ Wratten, Steve D., ed. \ Altieri, Miguel A., ed.Ì
670 ## - FUENTE DE DATOS ENCONTRADOS
- Cita de la fuente: Work cat.: (OSt)217228: Ecological engineering for pest management : Advances in habitat manipulation for arthropods / editores, Geoff M. Gurr, Steve D. Wratten, Miguel A. Altieri
